|
|
|
|
| LEADER |
00000nam a22000007a 4500 |
| 005 |
20120905153316.0 |
| 007 |
cr|||| |||| |
| 008 |
120905s2011 sp |||||s|||| 00||0 spa d |
| 020 |
|
|
|a 78-84-9849-939-1
|
| 035 |
|
|
|a 6333
|
| 040 |
|
|
|a vLex
|
| 090 |
|
|
|c 3365
|d 3365
|
| 100 |
1 |
|
|a Junquera de Estf̌ani, Rafael
|
| 245 |
1 |
0 |
|a Normas bs̀icas de Bioderecho
|h [Recurso electrn̤ico] /
|c Rafael Junquera de Estf̌ani
|
| 256 |
|
|
|a Servicio en ln̕ea
|
| 260 |
|
|
|a Madrid :
|b Dykinson,
|c 2011
|
| 300 |
|
|
|a 1 recurso electrn̤cio
|
| 506 |
1 |
|
|a Contenido solo disponible en los productos indicados
|d vLex Global
|d vLex Global (Academic Edition, excluding Law Schools)
|d vLex Global (U.S. Academic Edition, Law Schools)
|d vLex Global (U.S. Academic Edition, excluding Law Schools)
|d vLex Global (Academic Edition, Law Schools)
|
| 650 |
0 |
4 |
|a Derecho y ťica
|
| 650 |
0 |
4 |
|a Derecho humanos
|
| 740 |
0 |
|
|a vLex Libros (Servicio en ln̕ea)
|
| 856 |
4 |
0 |
|u http://vlex.com/source/normas-basicas-bioderecho-6333
|z Acceso restringido
|
| 942 |
|
|
|c BOOK
|
| 999 |
0 |
|
|a Ethics
|
| 999 |
0 |
|
|a Law
|